=LDR 00000nam 2200000 4500 =001 INLIS000000000050291 =005 20170427093545 =035 ##$$a 0010-0417000106 =007 ta =008 170427###########################0###### =020 ##$$a 978 - 602 - 1622 - 10 - 0 =082 ##$$a 639.31 =084 ##$$a 639.31 WAI b =100 #$$a Waitah, Nur =245 1#$$a Budidaya gurame cepat panen /$c Nur Waitah =250 ##$$a Cet.1 =260 ##$$a Depok :$b Infra Pustaka,$c 2014 =300 ##$$a 144 hkm : $b Ilus ; $c 23 cm =650 ##$$a GURAME =990 ##$$a 74607460 =990 ##$$a 74607460 =990 ##$$a 31700137 =990 ##$$a 02201707461 =990 ##$$a 31700138 =990 ##$$a 31700137